000 00457nam a2200181 a 4500
001 5925
003 CO-ViMGA
008 141112s2004 ck r 000 u spa d
040 _aCO-ViMGA
_bspa
_cCO-ViMGA
082 0 4 _a843.7 M186p
100 1 _aMaupassant, Guy de
_94528
245 1 0 _aPierre y Jean
260 _aBarcelona :
_bJuventud,
_c1993
300 _a178 p
490 _aBiblioteca de narradores
650 1 4 _aNOVELA FRANCESA
_92629
942 _2ddc
_cBK
999 _c17901
_d17901